书目信息 |
| 题名: |
电工控制电路图集
|
|
| 作者: | 方大千 , 方成 , 方立 编著 | |
| 分册: | ||
| 出版信息: | 北京 化学工业出版社 2018重印 |
|
| 页数: | 388页 | |
| 开本: | 26cm | |
| 丛书名: | ||
| 单 册: | ||
| 中图分类: | TM710-64 | |
| 科图分类: | ||
| 主题词: | 控制电路--kong zhi dian lu--电路图--图集 | |
| 电子资源: | ||
| ISBN: | 978-7-122-23469-8 | |
| 000 | 01060nam0 2200289 45 | |
| 001 | 012001001032 | |
| 005 | 20140107110759.0 | |
| 010 | @a978-7-122-23469-8@dCNY88.00 | |
| 099 | @aCAL 012015081445 | |
| 100 | @a20150617d2015 em y0chiy50 ea | |
| 101 | 0 | @achi |
| 102 | @aCN@b110000 | |
| 105 | @aak a 000yy | |
| 106 | @ar | |
| 200 | 1 | @a电工控制电路图集@Adian gong kong zhi dian lu tu ji@f方大千, 方成, 方立等编著 |
| 210 | @a北京@c化学工业出版社@d2018重印 | |
| 215 | @a388页@c图@d26cm | |
| 300 | @a精华本 | |
| 320 | @a有书目 | |
| 330 | @a本书精选各类工程应用电工控制电路共计800余个。主要内容包括: 电工识图及基本知识, 电动机控制电路, 电动机保护电路, 动力设备控制电路, 变频器、软启动器、PLC及LOGO, 实用电路, 小型发电和同步电动机控制、保护电路, 起重机、吊车和搬运车电路等。 | |
| 606 | 0 | @a控制电路@Akong zhi dian lu@x电路图@j图集 |
| 690 | @aTM710-64@v5 | |
| 701 | 0 | @a方大千@Afang da qian@4编著 |
| 701 | 0 | @a方成@Afang cheng@4编著 |
| 701 | 0 | @a方立@Afang li@4编著 |
| 801 | 0 | @aCN@b北京卓展文化@c20191020 |
| 905 | @b1201336-8@dTM710-64@e8@f3 | |
| 电工控制电路图集/方大千, 方成, 方立等编著.-北京:化学工业出版社,2018重印 |
| 388页:图;26cm |
| 精华本 |
| ISBN 978-7-122-23469-8:CNY88.00 |
| 本书精选各类工程应用电工控制电路共计800余个。主要内容包括: 电工识图及基本知识, 电动机控制电路, 电动机保护电路, 动力设备控制电路, 变频器、软启动器、PLC及LOGO, 实用电路, 小型发电和同步电动机控制、保护电路, 起重机、吊车和搬运车电路等。 |
| ● |
| 相关链接 |
|
|
|
|
正题名:电工控制电路图集
索取号:TM710-64/8
 
预约/预借
| 序号 | 登录号 | 条形码 | 馆藏地/架位号 | 状态 | 备注 |
| 1 | 1201336 | 212013364 | 第二样本阅览室/ [索取号:TM710-64/8] | 在馆 | |
| 2 | 1201337 | 212013373 | 第三借阅区/ [索取号:TM710-64/8] | 在馆 | |
| 3 | 1201338 | 212013382 | 第三借阅区/ [索取号:TM710-64/8] | 在馆 |